|
|
|
|
| LEADER |
02655nam a22004815i 4500 |
| 001 |
978-3-540-30785-3 |
| 003 |
DE-He213 |
| 005 |
20151204181803.0 |
| 007 |
cr nn 008mamaa |
| 008 |
100301s2006 gw | s |||| 0|eng d |
| 020 |
|
|
|a 9783540307853
|9 978-3-540-30785-3
|
| 024 |
7 |
|
|a 10.1007/3-540-30785-0
|2 doi
|
| 040 |
|
|
|d GrThAP
|
| 050 |
|
4 |
|a QC801-809
|
| 072 |
|
7 |
|a PHVG
|2 bicssc
|
| 072 |
|
7 |
|a SCI032000
|2 bisacsh
|
| 082 |
0 |
4 |
|a 550
|2 23
|
| 082 |
0 |
4 |
|a 526.1
|2 23
|
| 100 |
1 |
|
|a Lubin, Dan.
|e author.
|
| 245 |
1 |
0 |
|a Polar Remote Sensing
|h [electronic resource] :
|b Volume I: Atmosphere and Oceans /
|c by Dan Lubin, Robert Massom.
|
| 264 |
|
1 |
|a Berlin, Heidelberg :
|b Springer Berlin Heidelberg,
|c 2006.
|
| 300 |
|
|
|a XLIV, 756 p. 217 illus., 48 illus. in color.
|b online resource.
|
| 336 |
|
|
|a text
|b txt
|2 rdacontent
|
| 337 |
|
|
|a computer
|b c
|2 rdamedia
|
| 338 |
|
|
|a online resource
|b cr
|2 rdacarrier
|
| 347 |
|
|
|a text file
|b PDF
|2 rda
|
| 490 |
1 |
|
|a Springer Praxis Books
|
| 505 |
0 |
|
|a Satellite imaging and radiometry -- The polar stratosphere -- Polar climate and meteorology -- Sea ice.
|
| 520 |
|
|
|a This book is a comprehensive discussion of the applications of both satellite remote sensing and advanced ground-based remote sensing as related to polar science and operations. It discusses the various passive and active remote sensor types before concentrating on specific geophysical applications. Its interdisciplinary approach - including atmospheric chemistry, meteorology, climate and radiation balance, sea-ice studies, physical oceanography, glaciology, ecology and hydrology - means that major advances and publications are highlighted, together with the state of the art in each area. Polar Remote Sensing describes satellite remote sensing applications to all polar-related disciplines provides suggestions for applications of satellite remote sensing to polar research contains significant new information on Earth's polar regions discusses sophisticated, ground-based remote sensing applications summarises fundamental principles of detectors, imaging and geophysical product retrieval.
|
| 650 |
|
0 |
|a Earth sciences.
|
| 650 |
|
0 |
|a Climatology.
|
| 650 |
|
0 |
|a Geophysics.
|
| 650 |
1 |
4 |
|a Earth Sciences.
|
| 650 |
2 |
4 |
|a Geophysics/Geodesy.
|
| 650 |
2 |
4 |
|a Climatology.
|
| 700 |
1 |
|
|a Massom, Robert.
|e author.
|
| 710 |
2 |
|
|a SpringerLink (Online service)
|
| 773 |
0 |
|
|t Springer eBooks
|
| 776 |
0 |
8 |
|i Printed edition:
|z 9783540430971
|
| 830 |
|
0 |
|a Springer Praxis Books
|
| 856 |
4 |
0 |
|u http://dx.doi.org/10.1007/3-540-30785-0
|z Full Text via HEAL-Link
|
| 912 |
|
|
|a ZDB-2-EES
|
| 950 |
|
|
|a Earth and Environmental Science (Springer-11646)
|